00457nam a22001577a 450000500170000000800410001702000130005804100120007108200140008310000120009724500650010925000200017426000510019430000290024565000250027420240909083728.0240909b |||||||| |||| 00| 0 eng d a96551224 aEnglish a343.9 INT lEnglish aInternational Legal Principles of Carriage : By air and sea  aRevised Edition aPretoria: bUniversity of South Africa, c1982 bvi, 168 pages; c22 cm.  aLegal practice bLaw